| 000 | 01017nam0a22002411 4500 | ||
|---|---|---|---|
| 001 | rc\4283698 | ||
| 005 | 20260408070739.0 | ||
| 021 |
_aRU _bРг6462-63 |
||
| 035 | _a(NLR Aleph) 008247761 | ||
| 090 |
_a8316321 _c8316321 |
||
| 100 | _a20130416d1963 |||y0rusy50 ca | ||
| 101 | 0 | _arus | |
| 102 | _aRU | ||
| 105 | _aa z ||||| | ||
| 200 | 1 |
_aАльбом запасных частей, прилагаемых к крану К-161 _fУССР. Совнархоз Черномор. экон. адм. района. Завод тяжелого краностроения им. Январского восстания. г. Одесса |
|
| 210 |
_a[Москва] _cВнешторгиздат _d[1963] |
||
| 215 |
_a28 с. _cчерт. _d29 |
||
| 712 | 0 | 2 |
_aЗавод тяжелого краностроения им. Январского восстания _cОдесса _9312024 _3RU\NLR\AUTH\8810212556 |
| 801 | 0 |
_aRU _bNLR _gpsbo |
|
| 801 | 1 |
_aRU _bELAR _2rusmarc |
|
| 852 |
_aNLR _jПт 86-71/128 |
||
| 942 | _cBOOK | ||
| 980 | _aNB | ||